All 24 Hours of Le Mans Winners - Statistics

General Stats
  • This quiz has been taken 86 times
  • The average score is 68 of 231
Answer Stats
Year Constructor Driver Nationality % Correct
2025 AF Corse Robert Kubica Poland
94%
2019 Toyota Gazoo Racing Fernando Alonso Spain
83%
2018 Toyota Gazoo Racing Fernando Alonso Spain
83%
2021 Toyota Gazoo Racing Kamui Kobayashi Japan
76%
1982 Rothmans Porsche System Jacky Ickx Belgium
71%
1981 Porsche System Jacky Ickx Belgium
71%
1977 Martini Racing Porsche System Jacky Ickx Belgium
71%
1976 Martini Racing Porsche System Jacky Ickx Belgium
71%
1975 Gulf Research Racing Co. Jacky Ickx Belgium
71%
1969 J. W. Automotive Engineering Jacky Ickx Belgium
71%
2022 Toyota Gazoo Racing Brendon Hartley New Zealand
70%
2020 Toyota Gazoo Racing Brendon Hartley New Zealand
70%
2017 Porsche LMP Team Brendon Hartley New Zealand
70%
2022 Toyota Gazoo Racing Sébastien Buemi Switzerland
68%
2020 Toyota Gazoo Racing Sébastien Buemi Switzerland
68%
2019 Toyota Gazoo Racing Sébastien Buemi Switzerland
68%
2018 Toyota Gazoo Racing Sébastien Buemi Switzerland
68%
2013 Audi Sport Team Joest Tom Kristensen Denmark
68%
2008 Audi Sport North America Tom Kristensen Denmark
68%
2005 Champion Racing Tom Kristensen Denmark
68%
2004 Audi Sport Japan Team Goh Tom Kristensen Denmark
68%
2003 Team Bentley Tom Kristensen Denmark
68%
2002 Audi Sport Team Joest Tom Kristensen Denmark
68%
2001 Audi Sport Team Joest Tom Kristensen Denmark
68%
2000 Audi Sport Team Joest Tom Kristensen Denmark
68%
1997 Joest Racing Tom Kristensen Denmark
68%
2023 Ferrari AF Corse Antonio Giovinazzi Italy
67%
2025 AF Corse Yifei Ye China
63%
1972 Equipe Matra-Simca Shell Graham Hill UK
60%
1962 Scuderia Ferrari Phil Hill USA
60%
1961 Scuderia Ferrari Phil Hill USA
60%
1958 Scuderia Ferrari Phil Hill USA
60%
1966 Shelby-American Inc. Bruce McLaren New Zealand
56%
2020 Toyota Gazoo Racing Kazuki Nakajima Japan
56%
2019 Toyota Gazoo Racing Kazuki Nakajima Japan
56%
2018 Toyota Gazoo Racing Kazuki Nakajima Japan
56%
2024 Ferrari AF Corse Antonio Fuoco Italy
52%
2021 Toyota Gazoo Racing José María López Argentina
48%
1955 Jaguar Cars Ltd. Mike Hawthorn UK
48%
2015 Porsche Team Nico Hülkenberg Germany
48%
2014 Audi Sport Team Joest André Lotterer Germany
46%
2012 Audi Sport Team Joest André Lotterer Germany
46%
2011 Audi Sport Team Joest André Lotterer Germany
46%
2009 Peugeot Sport Total David Brabham Australia
46%
1993 Peugeot Talbot Sport Geoff Brabham Australia
46%
2013 Audi Sport Team Joest Allan McNish UK
44%
2008 Audi Sport North America Allan McNish UK
44%
1998 Porsche AG Allan McNish UK
44%
2023 Ferrari AF Corse James Calado UK
44%
1987 Rothmans Porsche Derek Bell UK
43%
1986 Rothmans Porsche Derek Bell UK
43%
1982 Rothmans Porsche System Derek Bell UK
43%
1981 Porsche System Derek Bell UK
43%
1975 Gulf Research Racing Co. Derek Bell UK
43%
1968 J. W. Automotive Engineering Pedro Rodríguez Mexico
43%
2023 Ferrari AF Corse Alessandro Pier Guidi Italy
41%
1959 David Brown Racing Dept. Carroll Shelby USA
41%
2022 Toyota Gazoo Racing Ryõ Hirakawa Japan
41%
2024 Ferrari AF Corse Nicklas Nielsen Denmark
40%
1966 Shelby-American Inc. Chris Amon New Zealand
38%
1984 Joest Racing Henri Pescarolo France
38%
1974 Equipe Gitanes Henri Pescarolo France
38%
1973 Equipe Matra-Simca Shell Henri Pescarolo France
38%
1972 Equipe Matra-Simca Shell Henri Pescarolo France
38%
1990 Silk Cut Jaguar John Nielsen Denmark
38%
2024 Ferrari AF Corse Miguel Molina Spain
38%
2025 AF Corse Phil Hanson UK
38%
2021 Toyota Gazoo Racing Mike Conway UK
37%
2017 Porsche LMP Team Earl Bamber New Zealand
35%
2015 Porsche Team Earl Bamber New Zealand
35%
1963 SpA Ferrari SEFAC Lorenzo Bandini Italy
35%
1967 Shelby-American Inc. Dan Gurney USA
33%
2007 Audi Sport North America Emanuele Pirro Italy
33%
2006 Audi Sport Team Joest Emanuele Pirro Italy
33%
2002 Audi Sport Team Joest Emanuele Pirro Italy
33%
2001 Audi Sport Team Joest Emanuele Pirro Italy
33%
2000 Audi Sport Team Joest Emanuele Pirro Italy
33%
2005 Champion Racing JJ Lehto Finland
33%
1995 Kokusai Kaihatsu Racing JJ Lehto Finland
33%
1965 North American Racing Team Jochen Rindt Austria
33%
1967 Shelby-American Inc. A. J. Foyt USA
32%
1989 Team Sauber Mercedes Jochen Mass Germany
32%
1991 Mazdaspeed Co. Ltd. Johnny Herbert UK
32%
1999 Team BMW Motorsport Yannick Dalmas France
32%
1995 Kokusai Kaihatsu Racing Yannick Dalmas France
32%
1994 Le Mans Porsche Team Yannick Dalmas France
32%
1992 Peugeot Talbot Sport Yannick Dalmas France
32%
1954 Scuderia Ferrari José Froilán González Argentina
30%
2013 Audi Sport Team Joest Loïc Duval France
30%
2009 Peugeot Sport Total Alexander Wurz Austria
29%
1996 Joest Racing Alexander Wurz Austria
29%
2007 Audi Sport North America Frank Biela Germany
29%
2006 Audi Sport Team Joest Frank Biela Germany
29%
2002 Audi Sport Team Joest Frank Biela Germany
29%
2001 Audi Sport Team Joest Frank Biela Germany
29%
2000 Audi Sport Team Joest Frank Biela Germany
29%
1990 Silk Cut Jaguar Martin Brundle UK
29%
1997 Joest Racing Michele Alboreto Italy
29%
2015 Porsche Team Nick Tandy UK
29%
2016 Porsche Team Romain Dumas France
29%
2010 Audi Sport North America Romain Dumas France
29%
1997 Joest Racing Stefan Johansson Sweden
27%
1996 Joest Racing Davy Jones USA
25%
2003 Team Bentley Guy Smith UK
25%
1971 Martini Racing Team Helmut Marko Austria
25%
1963 SpA Ferrari SEFAC Ludovico Scarfiotti Italy
25%
2016 Porsche Team Neel Jani Switzerland
25%
2017 Porsche LMP Team Timo Bernhard Germany
25%
2010 Audi Sport North America Timo Bernhard Germany
25%
1987 Rothmans Porsche Hans-Joachim Stuck Germany
24%
1986 Rothmans Porsche Hans-Joachim Stuck Germany
24%
1950 Louis Rosier Jean-Louis Rosier France
24%
1980 Jean Rondeau Jean Rondeau France
24%
1950 Louis Rosier Louis Rosier France
24%
2009 Peugeot Sport Total Marc Gené Spain
24%
1992 Peugeot Talbot Sport Mark Blundell UK
24%
1970 Porsche KG Salzburg Richard Attwood UK
24%
1991 Mazdaspeed Co. Ltd. Bertrand Gachot Belgium
22%
1978 Alpine Renault Didier Pironi France
22%
1970 Porsche KG Salzburg Hans Herrmann Germany
22%
1949 Lord Selsdon Luigi Chinetti USA
22%
1934 Luigi Chinetti/Philippe Étancelin Luigi Chinetti Italy
22%
1932 Raymond Sommer Luigi Chinetti Italy
22%
2010 Audi Sport North America Mike Rockenfeller Germany
22%
1933 Raymond Sommer Raymond Sommer France
22%
1932 Raymond Sommer Raymond Sommer France
22%
1938 Eugène Chaboud et Jean Trémoulet Eugène Chaboud France
21%
1976 Martini Racing Porsche System Gijs van Lennep Netherlands
21%
1971 Martini Racing Team Gijs van Lennep Netherlands
21%
1969 J. W. Automotive Engineering Jackie Oliver UK
21%
1938 Eugène Chaboud et Jean Trémoulet Jean Trémoulet France
21%
1924 Duff & Aldington John Duff Canada
21%
1968 J. W. Automotive Engineering Lucien Bianchi Belgium
21%
2014 Audi Sport Team Joest Marcel Fässler Switzerland
21%
2012 Audi Sport Team Joest Marcel Fässler Switzerland
21%
2011 Audi Sport Team Joest Marcel Fässler Switzerland
21%
1965 North American Racing Team Masten Gregory USA
21%
1954 Scuderia Ferrari Maurice Trintignant France
21%
2008 Audi Sport North America Rinaldo Capello Italy
21%
2004 Audi Sport Japan Team Goh Rinaldo Capello Italy
21%
2003 Team Bentley Rinaldo Capello Italy
21%
1931 Earl Howe Earl Howe UK
19%
1994 Le Mans Porsche Team Hurley Haywood USA
19%
1983 Rothmans Porsche Hurley Haywood USA
19%
1977 Martini Racing Porsche System Hurley Haywood USA
19%
1939 Jean-Pierre Wimille Jean-Pierre Wimille France
19%
1937 Roger Labric Jean-Pierre Wimille France
19%
2016 Porsche Team Marc Lieb Germany
19%
1962 Scuderia Ferrari Olivier Gendebien Belgium
19%
1961 Scuderia Ferrari Olivier Gendebien Belgium
19%
1960 Scuderia Ferrari Olivier Gendebien Belgium
19%
1958 Scuderia Ferrari Olivier Gendebien Belgium
19%
1934 Luigi Chinetti/Philippe Étancelin Philippe Étancelin France
19%
1992 Peugeot Talbot Sport Derek Warwick UK
17%
1951 Peter Walker Peter Walker UK
17%
1987 Rothmans Porsche Al Holbert USA
16%
1986 Rothmans Porsche Al Holbert USA
16%
1983 Rothmans Porsche Al Holbert USA
16%
2014 Audi Sport Team Joest Benoît Tréluyer France
16%
2012 Audi Sport Team Joest Benoît Tréluyer France
16%
2011 Audi Sport Team Joest Benoît Tréluyer France
16%
1965 North American Racing Team Ed Hugus USA
16%
1988 Silk Cut Jaguar Jan Lammers Netherlands
16%
1999 Team BMW Motorsport Joachim Winkelhock Germany
16%
1988 Silk Cut Jaguar Johnny Dumfries UK
16%
2007 Audi Sport North America Marco Werner Germany
16%
2006 Audi Sport Team Joest Marco Werner Germany
16%
2005 Champion Racing Marco Werner Germany
16%
1959 David Brown Racing Dept. Roy Salvadori UK
16%
1985 Joest Racing Klaus Ludwig Germany
14%
1984 Joest Racing Klaus Ludwig Germany
14%
1979 Porsche Kremer Racing Klaus Ludwig Germany
14%
1994 Le Mans Porsche Team Mauro Baldi Italy
14%
1964 SpA Ferrari SEFAC Nino Vaccarella Italy
14%
1960 Scuderia Ferrari Paul Frère Belgium
14%
1991 Mazdaspeed Co. Ltd. Volker Weidler Germany
14%
1923 Chenard & Walcker SA André Lagache France
13%
1979 Porsche Kremer Racing Don Whittington USA
13%
1953 Jaguar Cars Ltd. Duncan Hamilton UK
13%
1974 Equipe Gitanes Gérard Larrousse France
13%
1973 Equipe Matra-Simca Shell Gérard Larrousse France
13%
1952 Daimler-Benz A. G. Hermann Lang Germany
13%
1998 Porsche AG Laurent Aïello France
13%
1939 Jean-Pierre Wimille Pierre Veyron France
13%
2004 Audi Sport Japan Team Goh Seiji Ara Japan
13%
1979 Porsche Kremer Racing Bill Whittington USA
11%
1993 Peugeot Talbot Sport Christophe Bouchut France
11%
1985 Joest Racing Paolo Barilla Italy
11%
1949 Lord Selsdon Peter Mitchell-Thomson UK
11%
1933 Raymond Sommer Tazio Nuvolari Italy
11%
1988 Silk Cut Jaguar Andy Wallace UK
10%
1995 Kokusai Kaihatsu Racing Masanori Sekiya Japan
10%
1999 Team BMW Motorsport Pierluigi Martini Italy
10%
1923 Chenard & Walcker SA René Léonard France
10%
1927 Bentley Motors Limited Sammy Davis UK
10%
1998 Porsche AG Stéphane Ortelli Monaco
10%
1983 Rothmans Porsche Vern Schuppan Australia
10%
1930 Bentley Motors Limited Woolf Barnato UK
10%
1929 Bentley Motors Limited Woolf Barnato UK
10%
1928 Bentley Motors Limited Woolf Barnato UK
10%
1926 Société Lorraine De Dietrich et Cie André Rossignol France
8%
1925 Société Lorraine De Dietrich et Cie André Rossignol France
8%
1993 Peugeot Talbot Sport Éric Hélary France
8%
1952 Daimler-Benz A. G. Fritz Riess Germany
8%
1977 Martini Racing Porsche System Jürgen Barth Germany
8%
1996 Joest Racing Manuel Reuter Germany
8%
1989 Team Sauber Mercedes Manuel Reuter Germany
8%
1989 Team Sauber Mercedes Stanley Dickens Sweden
8%
1928 Bentley Motors Limited Bernard Rubin Australia
6%
1924 Duff & Aldington Frank Clement UK
6%
1931 Earl Howe Henry Birkin UK
6%
1929 Bentley Motors Limited Henry Birkin UK
6%
1964 SpA Ferrari SEFAC Jean Guichet France
6%
1980 Jean Rondeau Jean-Pierre Jassaud France
6%
1978 Alpine Renault Jean-Pierre Jassaud France
6%
1956 Ecurie Ecosse Ninian Sanderson UK
6%
1951 Peter Walker Peter Whitehead UK
6%
1953 Jaguar Cars Ltd. Tony Rolt UK
6%
1927 Bentley Motors Limited Dudley Benjafield UK
5%
1935 Fox & Nichol Johnny Hindmarsh UK
5%
1985 Joest Racing Louis Krages Germany
5%
1935 Fox & Nichol Luis Fontés UK
5%
1990 Silk Cut Jaguar Prince Cobb USA
5%
1926 Société Lorraine De Dietrich et Cie Robert Bloch France
5%
1957 Ecurie Ecosse Ron Flockhart UK
5%
1956 Ecurie Ecosse Ron Flockhart UK
5%
1925 Société Lorraine De Dietrich et Cie Gérard de Courcelles France
3%
1937 Roger Labric Robert Benoist France
3%
1930 Bentley Motors Limited Glen Kidston UK
2%
1957 Ecurie Ecosse Ivor Dueb UK
0%
1955 Jaguar Cars Ltd. Ivor Dueb UK
0%
No matching quizzes found
Score Distribution
Percent of People with Each Score
Percentile by Number Answered
Your Score History
You have not taken this quiz